| 000 | 00601nam a2200205Ia 4500 | ||
|---|---|---|---|
| 003 | IIN | ||
| 005 | 20251209105948.0 | ||
| 008 | 231217s9999 xx 000 0 und d | ||
| 020 |
_cRs.499.00 _a9789390619214 |
||
| 040 |
_aIIN _bEnglish |
||
| 082 |
_a610.730285 _bRAN |
||
| 100 | 1 | _aRandhir, Priyanka | |
| 245 | 1 |
_aTextbook of Health/Nursing Informatics & Technology for BSc. Nursing Students / _cPriyanka Randhir |
|
| 250 | _a2nd ed | ||
| 260 |
_aNew Delhi _bCBS _c2022 |
||
| 300 | _axxviii,371p. | ||
| 650 | 1 |
_aInformatics _vNursing |
|
| 650 | 1 |
_aInformatics & Technology _vNursing |
|
| 942 | _cBOOK | ||
| 999 |
_c1362 _d1362 |
||